000 00556nam a2200193 i 4500
001 46014
003 ES-MaACL
005 20230906161321.0
007 t|
008 030327s1983 xxk ||||1| eng d
245 0 4 _aThe concise Oxford Dictionary of current english /
_cedited by J. B. Sykes.
250 _a7th ed.
260 _aOxford :
_bClarendon Press,
_c[1983]
300 _a1258 p. ;
_c22 cm.
650 0 4 _aLengua inglesa-
_vDiccionarios.
_914269
700 1 _aSykes, J. B.
_9200812
852 _aES-MaACL
_jL-6905
_bR.106854
999 _c46014
_d46014